Southville International School and Colleges
Your cart is empty.
  • Cart
  • Lists
    Public lists Eva Luna New books Lux_list list_1
    Your lists Log in to create your own lists
  • Log in to your account
  • Your cookies
  • Search history
Southville International School and Colleges
  • Advanced search
  • Recent comments
  • Most popular
  • Libraries

Log in to your account

Log in with GOOGLE


If you do not have an external account, but do have a local account, you can still log in:

  1. Home
  2. MARC view: The Ikigai journey /
Normal view MARC view ISBD view

The Ikigai journey / (Record no. 368268)

[ view plain ]
MARC details
000 -LEADER
fixed length control field 00996nam a22002537a 4500
003 - CONTROL NUMBER IDENTIFIER
control field 0
005 - DATE AND TIME OF LATEST TRANSACTION
control field 20251017153908.0
008 - FIXED-LENGTH DATA ELEMENTS--GENERAL INFORMATION
fixed length control field 251017b xxu||||| |||| 00| 0 eng d
020 ## - INTERNATIONAL STANDARD BOOK NUMBER
International Standard Book Number 978-4-8053-1599-6
050 ## - LIBRARY OF CONGRESS CALL NUMBER
Classification number BF 637.S4
Item number .G3713 2020
100 ## - MAIN ENTRY--PERSONAL NAME
Personal name García, Héctor,
Relator term author.
245 ## - TITLE STATEMENT
Title The Ikigai journey /
Statement of responsibility, etc Héctor García and Francesc Miralles.
260 ## - PUBLICATION, DISTRIBUTION, ETC. (IMPRINT)
Place of publication, distribution, etc Tokyo :
Name of publisher, distributor, etc Tuttle Publishing,
Date of publication, distribution, etc 2020.
300 ## - PHYSICAL DESCRIPTION
Extent 223 pages ;
Dimensions 20 cm.
500 ## - GENERAL NOTE
General note Sequel to the authors' previous work, Ikigai: the Japanese secret to a long and happy life.<br/>Includes illustrations and photographs.
504 ## - BIBLIOGRAPHY, ETC. NOTE
Bibliography, etc Includes bibliographical references.
520 ## - SUMMARY, ETC.
Summary, etc A guide to finding purpose and fulfillment in life through Japanese wisdom, blending philosophy, travel, and personal growth practices.<br/>
650 ## - SUBJECT ADDED ENTRY--TOPICAL TERM
Topical term or geographic name as entry element Self-realization.
650 ## - SUBJECT ADDED ENTRY--TOPICAL TERM
Topical term or geographic name as entry element Conduct of life.
650 ## - SUBJECT ADDED ENTRY--TOPICAL TERM
Topical term or geographic name as entry element Happiness.
650 ## - SUBJECT ADDED ENTRY--TOPICAL TERM
Topical term or geographic name as entry element Philosophy, Japanese.
700 ## - ADDED ENTRY--PERSONAL NAME
Personal name Miralles, Francesc,
Relator term author.
942 ## - ADDED ENTRY ELEMENTS (KOHA)
Source of classification or shelving scheme Library of Congress Classification
Koha item type Books
Holdings
Withdrawn status Lost status Source of classification or shelving scheme Damaged status Home library Current library Shelving location Date acquired Source of acquisition Sub Shelving location Total Checkouts Full call number Barcode Date last seen Price effective from Koha item type
    Library of Congress Classification   Luxembourg Library Luxembourg Library High School Section 11/19/2024 Library Fund     BF 637.S4 .G3713 2020 21408 10/17/2025 10/17/2025 Books
    Library of Congress Classification   Luxembourg Library Luxembourg Library High School Section 11/19/2024 Library Fund     BF 637.S4 .G3713 2020 21409 10/17/2025 10/17/2025 Books

The Ikigai journey /

APA

García H., Miralles F., . (2020). The Ikigai journey. Tokyo: Tuttle Publishing.

Chicago

García Héctor, Miralles Francesc, . 2020. The Ikigai journey. Tokyo: Tuttle Publishing.

Harvard

García H., Miralles F., . (2020). The Ikigai journey. Tokyo: Tuttle Publishing.

MLA

García Héctor, Miralles Francesc, . The Ikigai journey. Tokyo: Tuttle Publishing. 2020.

  • Place hold
  • Print
  • Cite
  • Add to your cart (remove)
  • Save record
    BIBTEX Dublin Core MARCXML MARC (non-Unicode/MARC-8) MARC (Unicode/UTF-8) MARC (Unicode/UTF-8, Standard) MODS (XML) RIS
  • More searches
    Search for this title in:
    Other Libraries (WorldCat) Other Databases (Google Scholar) Online Stores (Bookfinder.com) Open Library (openlibrary.org)

Exporting to Dublin Core...

SOUTHVILLE LIBRARY

Southville International School and Colleges Library

1281 Tropical Ave. Cor. Luxembourg St., BF Homes International, Las Pinas City

Tel. No. 8256374 / 252358 Loc. 117/146

Powered by Koha